Statistics for Famous Scottish Towns

Click here to take the quiz!

General Stats

  • This quiz has been taken 68 times
  • The average score is 7 of 10

Answer Stats

PopulationAnswer% Correct
506,520Edinburgh
100%
632,350Glasgow
98%
198,590Aberdeen
97%
148,210Dundee
85%
54,990Dunfermline
55%
77,270Paisley
55%
56,840Livingston
44%
54,480Hamilton
42%
75,310East Kilbride
39%
50,530Cumbernauld
38%

Score Distribution

Percentile by Number Answered

Percent of People with Each Score

Your Score History

You have not taken this quiz